00370nam a2200145 a 4500008004100000020001500041050001800056100001800074245002000092260003300112300001700145350000900162650003500171650001800206120416s1972 ||||||||||||||||| || u a0002720035 aDT 433.52 Rub aRuben, Hilary10aAfrican harvest aLondonbHarvill Pressc1972. a191p. : ill. a0.00 aKenya - Description and travel aRuben, Hilary